Women with Multiple Comedy Acting Emmys Quiz Stats

 Plays Quiz Updated Sep 18, 2018

Challenge
Share
Tweet
Score 0/32 Timer 08:00
2 Plays Today
% Correct
Betty White
91.3%
Lucille Ball
88.1%
Tina Fey
85.6%
Helen Hunt
83.3%
Mary Tyler Moore
82%
Rhea Perlman
81.7%
Bea Arthur
76.4%
Julia Louis-Dreyfus
70.9%
Candice Bergen
67.3%
Jane Curtin
59.4%
Doris Roberts
58.5%
Valerie Harper
57.3%
Cloris Leachman
55.1%
Allison Janney
54.6%
Jean Stapleton
51.9%
Loretta Swit
49.1%
% Correct
Patricia Heaton
48.9%
Sally Struthers
47.4%
Tracey Ullman
47%
Ann B. Davis
46%
Kate McKinnon
43.9%
Julie Bowen
40.6%
Bebe Neuwirth
39.1%
Laurie Metcalf
36.6%
Megan Mullally
36.2%
Jean Smart
23.6%
Kristen Johnston
22.9%
Jane Wyatt
14.8%
Hope Lange
12.4%
Colleen Dewhurst
11.2%
Shirley Booth
9.2%
Kathryn Joosten
7.6%

You're not logged in!

Compare scores with friends on all Sporcle quizzes.
OR
Log In

You Might Also Like...

Show Comments

Extras

Top Quizzes Today


Score Distribution

Your Account Isn't Verified!

In order to create a playlist on Sporcle, you need to verify the email address you used during registration. Go to your Sporcle Settings to finish the process.

Report this User

Report this user for behavior that violates our Community Guidelines.

Details: